| 000 | 00775nac a22002291u 4500 | ||
|---|---|---|---|
| 008 | 100906s200 n |||||ri 001 0 eng d | ||
| 010 | _a2002277585 | ||
| 020 | _a0130669113 | ||
| 020 | _a9780130669117 | ||
| 035 | _a(OCoLC)ocm48362708 | ||
| 082 | 0 | 0 |
_a005.2762 _bMUC _222 |
| 100 |
_aMuchow, John W. _918273 |
||
| 245 | 1 | 0 |
_aCore J2ME technology & MIDP / _cJohn W. Muchow. |
| 246 | 3 | _aCore J2ME technology and MIDP | |
| 260 |
_aUpper Saddle River, NJ : _bPrentice Hall PTR, _cc2002. |
||
| 300 |
_axxiii, 710 p. : _bill. ; _c24 cm. |
||
| 440 | 0 |
_aSun Microsystems Press Java series _918274 |
|
| 500 | _aIncludes index. | ||
| 650 | 0 |
_aJava (Computer program language) _918275 |
|
| 650 | 0 |
_aWireless communication systems. _918276 |
|
| 942 |
_cBB _k005.2762 MUC _2ddc |
||
| 999 |
_c714 _d714 |
||